<Der> wirtschaftliche Aufstieg des Habsburgerreiches 1750-1914

Na minha lista:
Detalhes bibliográficos
Autor principal: Good, David F.
Formato: Livro
Idioma:alemão
Publicado em: Wien Böhlau 1986
Edição:1. Aufl.
Colecção:Forschungen zur Geschichte des Donauraumes Band 7
Assuntos:
Tags: Adicionar Tag
Sem tags, seja o primeiro a adicionar uma tag!

MARC

LEADER 00000nam a2200000 4500
001 c002781
005 20221207074256.4
020 |a 3-205-06390-2 
041 0 |a ger 
044 |a DE 
245 1 0 |a <Der> wirtschaftliche Aufstieg des Habsburgerreiches 1750-1914  |c David F. Good 
250 |a 1. Aufl. 
264 1 |a Wien  |b Böhlau  |c 1986 
300 |a 290 s. 
490 1 |a Forschungen zur Geschichte des Donauraumes  |v Band 7 
830 0 |a Forschungen zur Geschichte des Donauraumes  |v Band 7 
610 2 0 |a rast hospodársky 
610 2 0 |a 1750-1914 
610 2 0 |a dejiny hospodárske 
610 2 0 |a Rakúsko-Uhorsko 
610 2 0 |a vývoj hospodársky 
610 2 0 |a makroekonomika 
100 1 |a Good, David F.